| 000 | 00529nam a2200205 a 4500 | ||
|---|---|---|---|
| 001 | 766 | ||
| 003 | CDMR | ||
| 005 | 20131001130344.0 | ||
| 008 | 130130s2001||||||||||||||||||||||||||||d | ||
| 020 | _a848878841X | ||
| 040 |
_aCDMR _bcat _cCDMR |
||
| 100 | 1 |
_aRabiger, Michael _9593 |
|
| 245 | 1 | 0 |
_aDirección de documentales _cMichael Rabiger |
| 250 | _a2a ed. | ||
| 260 |
_aMadrid _c2001 _bIORTV |
||
| 300 | _a579 p. | ||
| 490 | 0 | _aManuales Profesionales | |
| 650 | 0 | 4 |
_9748 _aCinematografia _xProducció i direcció |
| 942 |
_cMON _2udc |
||
| 999 |
_c766 _d766 |
||